Roberto Gerstmann: Fotografías, paisajes y territorios latinoamericanos
Saved in:
| Main Authors: | , |
|---|---|
| Other Authors: | |
| Format: | Book |
| Language: | Spanish |
| Published: |
Santiago
Pehuén
2009
|
| Edition: | 1a. ed |
| Series: | Relatos del Ojo y la Cámara, 4
|
| Subjects: | |
| Tags: |
Add Tag
No Tags, Be the first to tag this record!
|
MARC
| LEADER | 00000nam a2200000 a 4500 | ||
|---|---|---|---|
| 001 | UCH8777 | ||
| 003 | CL-VaPUC | ||
| 008 | 091211e20090200CL |||||||||||||||||spa|d | ||
| 020 | |a 9789561604650 | ||
| 082 | 0 | 4 | |a 779.94368 |b ALV |2 21 |
| 100 | |a Alvarado Pérez, Margarita |e autora |9 565882 | ||
| 700 | |a Matthews, Mariana |e autora |9 610805 | ||
| 700 | 0 | |a Möller Z, Carla |e author |9 545411 | |
| 245 | 1 | 0 | |a Roberto Gerstmann: Fotografías, paisajes y territorios latinoamericanos |
| 250 | |a 1a. ed | ||
| 300 | |a 179 p | ||
| 942 | |c BK | ||
| 945 | |d 20091211 00:00:00 |a dcastane | ||
| 260 | |a Santiago |b Pehuén |c 2009 | ||
| 650 | 0 | |a Fotografía artística |9 269391 | |
| 650 | 0 | |a Fotografía de paisajes |9 327778 | |
| 583 | |a last modification |c 20091211 00:00:00 |k Rodrigo Vera | ||
| 490 | 0 | |a Relatos del Ojo y la Cámara, 4 | |
| 999 | |c 338885 |d 338883 | ||
| 952 | |0 0 |1 0 |4 0 |6 779_943680000000000_ALV_2009 |7 0 |8 R |9 432158 |a BIBART |b BIBART |d 2019-11-22 |i 4624629 |o 779.94368 ALV 2009 |p 4624629 |r 2025-03-13 |w 2019-11-22 |y BK_R |k ART | ||
| 952 | |0 0 |1 0 |4 0 |6 779_943680000000000_ALV_2009 |7 0 |8 X |9 432159 |a FDOBUD |b FDOBUD |d 2019-11-22 |i 4687353 |o 779.94368 ALV 2009 |p 4687353 |r 2019-11-22 |w 2019-11-22 |y BK_X |k BUD | ||